000 00394nam a2200145Ia 4500
008 230917s9999||||xx |||||||||||||| ||und||
040 _e41620
_aMAIN
041 _aEnglish
082 _a810.9 S58V
100 _aSmith, Henry Nash
245 4 _aThe virgin land: the American west as symbol and myth
260 _aCambridge
_bHarvard University
_c1950
300 _axviii, 305 p.
942 _cBK
999 _c176197
_d176197